El jardín de las siete puertas / (Registro nro. 9134)

Detalles MARC
000 -LIDER
fixed length control field 01211nam a22002537a 4500
003 - IDENTIFICACDOR DE NÚMERO DE CONTROL
control field DO-SdBNP
005 - DATE AND TIME OF LATEST TRANSACTION
control field 20151217102006.0
008 - ELEMENTOS DE LONGITUD FIJA
fixed length control field 151217b 1968 sp xxu||||| |||| 00| 0 spa d
040 ## - FUENTE DE CATALOGACIÓN
Agencia que crea de manera original el registro BPMSU
Idioma de catalogación spa
Agencia que realiza la transcripción BPMSU
092 ## - LOCALLY ASSIGNED DEWEY DECIMAL CALL NUMBER
Número de clasificación xxxxx
Número de ítem (Cutter) xxxxx
100 1# - ASIENTO PRINCIPAL -- NOMBRE PERSONAL
Nombre personal Castroviejo, Concha,
Fechas asociadas con el nombre 1910-1995.
245 10 - MENCIÓN DE TITULO
Título El jardín de las siete puertas /
Mención de responsabilidad Concha Castroviejo ; ilustración de por Fernando Benito.
250 ## - MENCIÓN DE EDICION
Mención de edición 2a ed.
260 ## - PUBLICACIÓN, DISTRIBUCIÓN, ETC. (PIE DE IMPRENTA)
Lugar de publicación, distribución, etc Madrid :
Nombre del editor, distribuidor, etc. Doncel,
Fecha de publicación, distribución, etc 1968.
300 ## - DESCRIPCIÓN FÍSICA
Extensión 137 p. :
Otros detalles físicos il. ;
Dimensiones 26 cm.
490 1# - MENCIÓN DE SERIES
Mención de serie Ballena alegre
Volume/sequential designation ; 8
505 0# - NOTA DE CONTENIDO
Texto normalizado de contenido Tenemos las estrellas --<br/>Sueño de Blas --<br/>País que no tenía pájaros --<br/>Gorrión y la Luna --<br/>Sirena y un corregidor, 500 vecinos y un mirlo cantor --<br/>Matías el tonto --<br/>Año que se cayó al mar --<br/>Tejedora de sueños --<br/>Piratas de "La terrible" --<br/>Martolán, aprendiz de mago --<br/>Barú y el gigante --<br/>Zopilote presumido --<br/>Niña y el mar --<br/>Karlantán y las perlas del príncipe Atal --<br/>Jardín de las siete puertas.<br/>
586 ## - AWARDS NOTE
Awards note "Premio Doncel 1961 (Cuentos)."
700 12 - ASIENTO SECUNDARIO -- NOMBRE PERSONAL
Nombre personal Benito Doménech, Fernando,
Fechas asociadas con el nombre 1949-2011.
Mención de responsabilidad il.
830 #0 - ASIENTO SECUNDARIO DE SERIE--TÍTULO UNIFORME
Título uniforme Ballena alegre
Número de la parte o sección de una obra ; 8
910 ## - VALIDACIÓN
Validación 00260
942 ## - ADDED ENTRY ELEMENTS (KOHA)
Source of classification or shelving scheme Dewey Decimal Classification
Koha item type Libros
956 ## - LOCAL ELECTRONIC LOCATION AND ACCESS (OCLC)
Nombre de host Lorenza Pérez
Número de acceso 10
Existencias
Withdrawn status Lost status Source of classification or shelving scheme Damaged status Not for loan Collection code Home library Current library Date acquired Source of acquisition Total Checkouts Barcode Date last seen Price effective from Koha item type
    Dewey Decimal Classification       Biblioteca Pública Metropolitana Salomé Ureña Biblioteca Pública Metropolitana Salomé Ureña 12/17/2015 Donación   BPMSU15120169 12/17/2015 12/17/2015 Libros